000 00568nam a22002177a 4500
999 _c7484
_d7484
003 OSt
005 20211115160554.0
008 211115b ||||| |||| 00| 0 eng d
020 _a9781308486796
040 _cDDC
082 _a001.4 COO 2015
100 _aCooper, Donald R.
_915339
245 _aBusiness research methods
250 _aAfrican ed.
260 _aNew York:
_bMc Graw Hill;
_c2015
300 _avi,709p.:
_bill;
_c28cm.
504 _aIncludes Index.
650 _aBusiness research.
_93276
650 _aResearch Methods.
_92296
942 _2ddc
_cBOOK